Medzinárodné vzťahy vedecký časopis pre medzinárodné politické, ekonomické, kultúrne a právne vzťahy

Pôvodné vedecké články, diskusie, prehľady, informácie a recenzie z oblasti medzinárodných, ekonomických, politických, právnych a kultúrnych vzťahov. Témy zahŕňajú hospodárske a medzinárodnopolitické problémy, medzinárodný obchod, investície, medzikultúrne vzťahy, medzinárodné právo, históriu a medz...

Descrizione completa

Salvato in:
Dettagli Bibliografici
Natura: Periodico
Lingua:slovacco
inglese
Pubblicazione: Bratislava Fakulta medzinárodných vzťahov EU
Soggetti:
Tags: Aggiungi Tag
Nessun Tag, puoi essere il primo ad aggiungerne!!

MARC

LEADER 00000nas1a2200000 4500
001 s125092
005 20251014090142.0
022 |a 1336-1562 
022 |a 1339-2751 
041 0 |a slo 
041 0 |a eng 
044 |a SK 
245 1 0 |a Medzinárodné vzťahy  |b vedecký časopis pre medzinárodné politické, ekonomické, kultúrne a právne vzťahy 
264 1 |a Bratislava  |b Fakulta medzinárodných vzťahov EU 
500 |a Do r. 2022 vychádzal 4x ročne 
520 |a Pôvodné vedecké články, diskusie, prehľady, informácie a recenzie z oblasti medzinárodných, ekonomických, politických, právnych a kultúrnych vzťahov. Témy zahŕňajú hospodárske a medzinárodnopolitické problémy, medzinárodný obchod, investície, medzikultúrne vzťahy, medzinárodné právo, históriu a medzinárodnú migráciu. 
610 2 0 |a politika medzinárodná 
610 2 0 |a vzťahy hospodárske medzinárodné 
610 2 0 |a obchod medzinárodný 
610 2 0 |a právo medzinárodné 
610 2 0 |a vzťahy interkultúrne 
610 2 0 |a história